Focus (Record no. 83987)
[ view plain ]
| 000 -LEADER | |
|---|---|
| fixed length control field | 00953cab a22002295a 4500 |
| 001 - CONTROL NUMBER | |
| control field | L156325 |
| 008 - FIXED-LENGTH DATA ELEMENTS--GENERAL INFORMATION | |
| fixed length control field | 120514e20120428xxk 000 0 eng d |
| 035 ## - SYSTEM CONTROL NUMBER | |
| System control number | (Sirsi) u156325 |
| 041 0# - LANGUAGE CODE | |
| Language code of text/sound track or separate title | eng |
| 100 1# - MAIN ENTRY--PERSONAL NAME | |
| Personal name | Cavanagh, Elaine |
| 245 00 - TITLE STATEMENT | |
| Title | Focus |
| Remainder of title | Bristol, Bath and Swindon |
| 260 ## - PUBLICATION, DISTRIBUTION, ETC. | |
| Date of publication, distribution, etc. | 2012 |
| 490 ## - SERIES STATEMENT | |
| Series statement | Estates Gazette |
| Volume/sequential designation | (1217) 28 April 2012, 79-101(16) |
| 520 ## - SUMMARY, ETC. | |
| Summary, etc. | Includes information on the fortunes of the key shopping centre landlords in the region including Cabot Circus in Bristol and The Mall at Cribbs Causeway. Also features the office market and enterprise zones in the three areas and problems with the planning process in Bristol which has dismayed developers who argue the city is at risk of losing two major cash raising sports venues. |
| 590 ## - LOCAL NOTE (RLIN) | |
| Local note | KA |
| 690 ## - LOCAL SUBJECT ADDED ENTRY--TOPICAL TERM (OCLC, RLIN) | |
| Topical term or geographic name as entry element | Commercial property |
| 9 (RLIN) | 6227 |
| 700 1# - ADDED ENTRY--PERSONAL NAME | |
| Personal name | Elghamry, Nadia |
| 700 1# - ADDED ENTRY--PERSONAL NAME | |
| Personal name | Hamilton, Helen |
| 700 1# - ADDED ENTRY--PERSONAL NAME | |
| Personal name | Jack, Simon |
| 700 1# - ADDED ENTRY--PERSONAL NAME | |
| Personal name | Hamilton, Helen |
| 942 ## - ADDED ENTRY ELEMENTS (KOHA) | |
| Suppress in OPAC | 0 |
| Withdrawn status | Lost status | Source of classification or shelving scheme | Damaged status | Not for loan | Home library | Current library | Shelving location | Date acquired | Total Checkouts | Full call number | Barcode | Date last seen | Copy number | Price effective from | Koha item type |
|---|---|---|---|---|---|---|---|---|---|---|---|---|---|---|---|
| Dewey Decimal Classification | London | London | Journal article | 14/05/2012 | L156325 | 156325-1001 | 06/08/2019 | 1 | 06/08/2019 | Journal article |